Statistics for Danske Citater #1

Click here to take the quiz!

General Stats

  • This quiz has been taken 165 times
  • The average score is 5 of 10

Answer Stats

CitatOphavsmand% Correct
"Spørg for satan! Jeg skal i teater for fanden!"Bertel Haarder
74%
"Papa, man siger, at den man elsker, tugter man. Vi tvivlede aldrig på din kærlighed."Kronprins Frederik
74%
"Undskyld, nu skal jeg ikke være meget sippet, men jeg tror ikke, vi har gået i skole sammen. Jeg tror ikke, vi er dus."Dronning Margrethe II
65%
"I know I ganged the... I made this banging, but, ehh, perhaps it's because it's too late and I'm a bit tired."Lars Løkke Rasmussen
56%
"Er det en abe?"Line Baun Danielsen
49%
"Derfor siger jeg til Dansk Folkeparti: uanset, hvor mange anstrengelser, man gør sig - set med mine øjne – stuerene, det bliver I aldrig!"Poul Nyrup Rasmussen
49%
"Jeg vil kraftedme ikke fotograferes nedefra!"Uffe Ellemann-Jensen
46%
"Han behandler cyklen som en gammel led kælling, der har fortjent det"Jørgen Leth
41%
”Selvfølgelig er jeg racist - det er alle gode danskere”Mogens Glistrup
39%
"I'll repeat it once again to everyone: Screw down a little bit the expectations. Then you will not be disappointed."Richard Møller Nielsen
31%

Score Distribution

Percentile by Number Answered

Percent of People with Each Score

Your Score History

You have not taken this quiz